000 00475nam a2200169Ia 4500
003 LK-CoDNM
008 010623t2009 xxu||||| |||| 00| 1 sin d
040 _aLK-CoDNM
_dLK-CoDNM
_eLK-CoDNM
041 _asin
080 _a8SE7SUR
100 _aSuriyaarachchi,A.W.A.
245 _aසිංහල භාෂාවේ විශේෂ යෙදුම්
246 _aSinhala Bhasawe Visesa Yedum
260 _bGallage
_aGothatuwa
_c2009
300 _b84, 21 cm
942 _cBK
999 _c129257
_d129257